Statistics for Music Trivia: East Asian Musical Geography

Click here to take the quiz!

General Stats

  • This quiz has been taken 10 times
    (9 since last reset)
  • The average score is 9 of 15

Answer Stats

HintAnswer% Correct
Lee Moon-saeSouth Korea
88%
Lu HanChina
75%
AKB48Japan
75%
Thongchai "Bird" McIntyreThailand
75%
Li Yuchan (aka Chris Lee)China
63%
B'zJapan
63%
Jose Mari ChanPhilippines
63%
BTSSouth Korea
63%
Mr. ChildrenJapan
50%
Siti NurhalizaMalaysia
50%
Ella (aka Ratu Rock)Malaysia
50%
Jacky CheungTaiwan or China
50%
Rossa (aka Teteh Ocha)Indonesia
38%
CarabaoThailand
38%
A-Mei (aka Kulilay Amit)Taiwan
13%

Score Distribution

Percentile by Number Answered

Percent of People with Each Score

Your Score History

You have not taken this quiz since the last reset